MacroEconomics (Record no. 5623)

MARC details
005 - DATE AND TIME OF LATEST TRANSACTION
control field 20250627122629.0
020 ## - INTERNATIONAL STANDARD BOOK NUMBER
International Standard Book Number 978-007-125924-8
082 ## - DEWEY DECIMAL CLASSIFICATION NUMBER
Classification number 330 DOR
100 ## - MAIN ENTRY--PERSONAL NAME
Author name DORNBUSCH, R
245 ## - TITLE STATEMENT
Title MacroEconomics
250 ## - EDITION STATEMENT
Edition statement 10th Ed.
260 ## - PUBLICATION, DISTRIBUTION, ETC.
Place of publication, distribution, etc. Boston
Name of publisher, distributor, etc. McGraw-Hill Irwin
Date of publication, distribution, etc. 2008.
300 ## - PHYSICAL DESCRIPTION
Extent xxii,629p.; ill.; figures
Other physical details Index, Glossary
Dimensions 23cm
700 ## - ADDED ENTRY--PERSONAL NAME
Other authors/Editors Stanley Fischer
700 ## - ADDED ENTRY--PERSONAL NAME
Other authors/Editors Richard Startz
942 ## - ADDED ENTRY ELEMENTS (KOHA)
Source of classification or shelving scheme Dewey Decimal Classification
Koha item type Books
Holdings
Date last seen Total checkouts Full call number Barcode Price effective from Koha item type Lost status Source of classification or shelving scheme Damaged status Not for loan Withdrawn status Home library Current library Shelving location Date acquired Source of acquisition
06/27/2025   330 DOR MZA0002475 06/27/2025 Books   Dewey Decimal Classification       CBE Mwanza CBE Mwanza General Collection 07/26/2017 Library Budget